000 01232nam a22002537a 4500
999 _c87805
_d87805
005 20200306144613.0
010 _aUR-257 B-548296 B-665938
020 _c250.00
_a9789381029633
035 _aU-257 B-548296 B-665938
037 _bBPPD/Publishers/Venders
037 _bStar Publications(Vend.)/Arshia Publications(Pub.)
082 _a440
100 _aمو لفہ :خو شنو د ہ نيلو فر
245 _aلغا ت اردو محاورہ /
_cمو لفہ :خو شنودہ نيلوفر
246 _aLughaat-e-Urdu Muhawara /
_bedited by Khushnuda Nilofer
260 _bArshia Publictions
_bStar Publications.( Vender)
_c2012
260 _a4/5Asaf Ali Road,New Delhi-110002
270 _aA-170,Ground Floor, 3,Surya Apartment, Dilshad Colony,
_bدھلی
_e110095
_k9971775969
300 _a240ص
_c22cm(Hb)
700 _aخو شنودہ نيلوفر
942 _2ddc
_cUR
_mل غ ا
_h440